Využitie Big Data analýz pri predikcii vývoja epidemiologickej situácie

Saved in:
Bibliographic Details
Main Author: Zábranský, Erik (Author)
Other Authors: Tanuška, Pavol (Thesis advisor)
Format: Manuscript Book
Language:Slovak
Published: 2021
Subjects:
Online Access:http://is.stuba.sk/zp/portal_zp.pl?podrobnosti=158056
Tags: Add Tag
No Tags, Be the first to tag this record!

MARC

LEADER 00000ntm a22000003a 4500
001 stuzp84230
003 SK-STU
005 20210612212806.9
007 ta
008 150427s2015----xo-----f-mn---000-0-slo-d
040 |a STU  |b slo 
041 0 |a slo 
100 1 |a Zábranský, Erik  |u 066000  |k Z4  |4 aut  |U MTF Materiálovotechnologická fakulta  |T MTF Ústav aplikovanej informatiky, automatizácie a mechatroniky  |X 79815  |U M6000  |Y 86  |7 79815 
242 0 1 |a Using of Big Data analyzes in the epidemiological situation forecasting  |y eng 
245 1 0 |a Využitie Big Data analýz pri predikcii vývoja epidemiologickej situácie 
260 |c 2021 
650 4 |a predikcia  |2 slo 
650 4 |a Big Data  |2 slo 
650 4 |a aplikácia  |2 slo 
650 4 |a ReactJS  |2 slo 
650 4 |a NodeJS  |2 slo 
650 4 |a NoSQL  |2 slo 
650 4 |a application  |2 eng 
650 4 |a forecasting  |2 eng 
650 4 |a Big Data  |2 eng 
650 4 |a ReactJS  |2 eng 
650 4 |a NodeJS  |2 eng 
650 4 |a NoSQL  |2 eng 
700 1 |a Tanuška, Pavol  |u 066000  |k Z1  |4 ths  |U MTF Materiálovotechnologická fakulta  |T MTF Ústav aplikovanej informatiky, automatizácie a mechatroniky  |X 248  |U M6000  |Y 86  |7 A000000248 
856 4 |u http://is.stuba.sk/zp/portal_zp.pl?podrobnosti=158056 
996 |c M* DP-14818  |l M  |s P  |a 0  |w stuzp84230_0001